<?xml version="1.0" encoding="UTF-8"?>
<record
    xmlns:xsi="http://www.w3.org/2001/XMLSchema-instance"
    xsi:schemaLocation="http://www.loc.gov/MARC21/slim http://www.loc.gov/standards/marcxml/schema/MARC21slim.xsd"
    xmlns="http://www.loc.gov/MARC21/slim">

  <leader>00904nam a22002657a 4500</leader>
  <controlfield tag="005">20170914154847.0</controlfield>
  <controlfield tag="008">090501t        xxu||||| |||| 00| 0 Urdu  </controlfield>
  <datafield tag="010" ind1=" " ind2=" ">
    <subfield code="a">B -327350 - 356 , UR-7469</subfield>
  </datafield>
  <datafield tag="020" ind1=" " ind2=" ">
    <subfield code="a">9788182234611</subfield>
    <subfield code="c">250.00.</subfield>
  </datafield>
  <datafield tag="035" ind1=" " ind2=" ">
    <subfield code="a">B- 327350 - 356.</subfield>
  </datafield>
  <datafield tag="035" ind1=" " ind2=" ">
    <subfield code="a">U-6024</subfield>
  </datafield>
  <datafield tag="037" ind1=" " ind2=" ">
    <subfield code="b">Educational Publishing House.</subfield>
  </datafield>
  <datafield tag="040" ind1=" " ind2=" ">
    <subfield code="a">dpl</subfield>
    <subfield code="b">Urdu</subfield>
  </datafield>
  <datafield tag="082" ind1=" " ind2=" ">
    <subfield code="a">&#x646;</subfield>
  </datafield>
  <datafield tag="100" ind1=" " ind2=" ">
    <subfield code="a">&#x64A;&#x639;&#x642;&#x648;&#x628; &#x64A;&#x627; &#x648;&#x631;.</subfield>
  </datafield>
  <datafield tag="245" ind1=" " ind2=" ">
    <subfield code="a">&#x62C;&#x6C1;&#x627; &#x62F;.</subfield>
    <subfield code="c"> &#x64A;&#x639;&#x642;&#x648;&#x628; &#x64A;&#x627;&#x648;&#x631;.</subfield>
  </datafield>
  <datafield tag="246" ind1=" " ind2=" ">
    <subfield code="h">Urdu.</subfield>
  </datafield>
  <datafield tag="260" ind1=" " ind2=" ">
    <subfield code="a">Delhi.</subfield>
    <subfield code="b">Educational Publishing House.</subfield>
    <subfield code="c">2009.</subfield>
  </datafield>
  <datafield tag="270" ind1=" " ind2=" ">
    <subfield code="a">3108,Gali,Vakil,KuchaPandit,LalKuan,.</subfield>
    <subfield code="b">Delhi</subfield>
    <subfield code="e">110006</subfield>
  </datafield>
  <datafield tag="300" ind1=" " ind2=" ">
    <subfield code="a">278p </subfield>
    <subfield code="b">22cm.(hb.)</subfield>
  </datafield>
  <datafield tag="600" ind1=" " ind2=" ">
    <subfield code="a">&#x64A;&#x639;&#x642;&#x648;&#x628; &#x64A;&#x627;&#x648;&#x631;.</subfield>
  </datafield>
  <datafield tag="650" ind1=" " ind2=" ">
    <subfield code="a">&#x646;&#x627; &#x648;&#x644;.</subfield>
    <subfield code="b">Novel.</subfield>
  </datafield>
  <datafield tag="942" ind1=" " ind2=" ">
    <subfield code="2">ddc</subfield>
    <subfield code="c">UR</subfield>
    <subfield code="e">2009.</subfield>
    <subfield code="h">&#x646;</subfield>
    <subfield code="m">&#x6D2;&#x639; &#x642;</subfield>
  </datafield>
  <datafield tag="999" ind1=" " ind2=" ">
    <subfield code="c">25992</subfield>
    <subfield code="d">25992</subfield>
  </datafield>
  <datafield tag="952" ind1=" " ind2=" ">
    <subfield code="0">0</subfield>
    <subfield code="1">0</subfield>
    <subfield code="2">ddc</subfield>
    <subfield code="4">0</subfield>
    <subfield code="7">1</subfield>
    <subfield code="8">FIC</subfield>
    <subfield code="a">DBAD</subfield>
    <subfield code="b">DBAD</subfield>
    <subfield code="d">2009-08-22</subfield>
    <subfield code="e">DBAD / UR</subfield>
    <subfield code="g">250.00</subfield>
    <subfield code="l">0</subfield>
    <subfield code="o">&#x646; &#x6D2;&#x639; &#x642;</subfield>
    <subfield code="p">U-6024</subfield>
    <subfield code="r">2009-08-22 00:00:00</subfield>
    <subfield code="t">1</subfield>
    <subfield code="v">250.00</subfield>
    <subfield code="w">2009-08-22</subfield>
    <subfield code="y">UR</subfield>
  </datafield>
</record>
